000 00382nam a2200169Ia 4500
001 18177
003 IN-NITTTR
005 20251114233212.0
008 251113s9999||||xx |||||||||||||| ||eng||
040 _beng
040 _cIN-NITTTR
041 _aeng
082 _a760 H77S
100 _aHoft, Angela
245 0 _aSchattenbilder silhouettes. /
_cHoft, Angela
942 _2ddc
_cBK
999 _c20811
_d20811